司法について考える 1 - Statistics

General Stats
  • This quiz has been taken 5 times
  • The average score is 22 of 53
Answer Stats
Hint Answer % Correct
最高裁の長官は~に指名される 内閣
100%
~人の裁判官 3
100%
国民の司法参加の具現化 裁判員制度
75%
アメリカの制度、12人の~ 陪審員
75%
自白を条件に求刑を軽くする 司法取引
75%
強制、拷問もしくは強迫による~は証拠にならない 自白
75%
~人の裁判員と 6
75%
すべての裁判官はその~に従ひ… 良心
50%
裁判の種類1(借金トラブルなど) 民事裁判
50%
裁判の種類2(犯罪について) 刑事裁判
50%
裁判を三回まで受けられる 三審制
50%
第一審→第二審 控訴
50%
第二審→第三審 上告
50%
法律・政令が憲法に違反していないか審査する 違憲立法審査権
50%
法曹の育成のための教育機関 法科大学院
50%
国が国費で弁護士を付す制度 国選弁護人制度
50%
~の扱う裁判の請求金額を 簡易裁判所
50%
~の録音・録画 取り調べ
50%
~によらなければ逮捕されない 令状
50%
~を依頼する権利 弁護人
50%
拘留は原則~に 10日
50%
プラス最大~まで延長できる 10日
50%
検察は~以内に起訴・不起訴を決める 24時間
50%
警察は逮捕した容疑者を~以内に検察へ送る 48時間
50%
↑アルファベットで ADR
50%
特別裁判所の例 軍法会議
25%
~にのみ拘束される この憲法および法律
25%
~によらなければ罷免されない 公の弾劾
25%
衆議院選挙の際、~に付す 国民の審査
25%
↑は公益を代表して~が原告となる 検察官
25%
↑具体的な訴訟の中でのみ審査する 具体的審査制
25%
↑ドイツは 抽象的審査制
25%
ドイツ・フランスの制度 参審員
25%
検察官の不起訴への審査 検察審査会
25%
国民の法的トラブルの解決を支援する相談所 法テラス
25%
↑~と 既修者コース
25%
~の格差が問題に 未修者コース
25%
争点などの話し合いを事前に行う 公判前整理手続き
25%
裁判に至らずに紛争を解決する 裁判外紛争解決手続き
25%
特許などに関する支障を扱う 知的財産高等裁判所
25%
↑被疑者段階(=~ではないとき)から利用可能 被告人段階
25%
刑事事件の被害者が意見の陳述などをできるようにする制度 被害者支援制度
25%
憲法18条~の場合を除いては、 その意に反する苦役に服させられない 犯罪に因る処罰
25%
憲法33条~を除いて 現行犯
25%
公務員による~は、絶対にこれを禁ずる 拷問及び残虐な刑罰
25%
自己に不利益な~が↑である場合には有罪にならない 唯一の証拠
25%
被告人は裁判所の~を受ける権利を有する 公開裁判
25%
全ての~に審問する機会を… 証人
25%
裁判中の被告には~という制度がある 保釈
25%
法律は遡及せずの原則 一事不再理
25%
無罪判決を受けたら~を求めることができる 補償
25%
↑なんという 刑事補償請求権
25%
90万円から~に 140万円
25%
No matching quizzes found
Score Distribution
Percent of People with Each Score
Percentile by Number Answered
Your Score History
You have not taken this quiz